| 000 | 00649nam a22002177a 4500 | ||
|---|---|---|---|
| 999 |
_c6005 _d6005 |
||
| 003 | AR-CdUCM | ||
| 008 | 190313b ||||| |||| 00| 0 spa d | ||
| 040 |
_aMUNICIPALIDAD PROVINCIAL DEL CUSCO _cBIBLIOTECA MUNICIPAL DEL CUSCO |
||
| 082 |
_a848.9 / _bC46 |
||
| 100 |
_aCeline _917576 |
||
| 245 | _aViaje al fin de la noche / | ||
| 260 |
_aBuenos Aires : _bcentro editor de américa latina, _c1971. |
||
| 300 |
_a322 paginas , _c16 cm. |
||
| 500 | _aDonación de la familia Nieto | ||
| 505 | _aNovela | ||
| 650 |
_aNovela Francesa _910657 |
||
| 650 |
_aSiglo XX _98 |
||
| 650 |
_aLiteratura Europea _9894 |
||
| 942 |
_2ddc _cLIBROS |
||
| 945 | _awnts | ||